Arte de hablar y escribir en francés correctamente ó Nueva y completa gramática francesa ... / (Record no. 54825)

MARC details
000 -LEADER
campo de control de longitud fija 00892nam a22002055i 4500
001 - NÚMERO DE CONTROL
campo de control 54825
003 - IDENTIFICADOR DE NÚMERO DE CONTROL
campo de control ES-MaACL
005 - FECHA Y HORA DE LA ÚLTIMA TRANSACCIÓN
campo de control 20230906163028.0
007 - CAMPO FIJO DE DESCRIPCIÓN FÍSICA--INFORMACIÓN GENERAL
campo de control de longitud fija t|
008 - DATOS DE LONGITUD FIJA--INFORMACIÓN GENERAL
campo de control de longitud fija 960730s1839 sp ||||1| spa d
040 ## - FUENTE DE CATALOGACIÓN
Centro catalogador/agencia de origen CAM
Lengua de catalogación spa
Centro/agencia transcriptor CAM
100 1# - ENTRADA PRINCIPAL--NOMBRE DE PERSONA
Nombre de persona Galavotti, Guillermo Luis.
9 (RLIN) 53335
245 10 - MENCIÓN DEL TÍTULO
Título Arte de hablar y escribir en francés correctamente ó Nueva y completa gramática francesa ... /
Mención de responsabilidad, etc. compuesta por Guillermo Luis Galavotti ...
260 ## - PUBLICACIÓN, DISTRIBUCIÓN, ETC.
Lugar de publicación, distribución, etc. Barcelon :
Nombre del editor, distribuidor, etc. [s.n.],
Fecha de publicación, distribución, etc. 1839 (
Fabricante imprenta de Brusi)
300 ## - DESCRIPCIÓN FÍSICA
Extensión [6], II, 408 p. ;
Dimensiones 23 cm.
505 8# - NOTA DE CONTENIDO CON FORMATO
Nota de contenido con formato Contiene además con portadilla propia: Suplemento que contiene una nomenclatura muy amplia de las frases más precisas para romper en una conversación y un tratado de la propiedad de las voces
650 14 - PUNTO DE ACCESO ADICIONAL DE MATERIA--TÉRMINO DE MATERIA
Término de materia o nombre geográfico como elemento de entrada Lengua francesa-
Subdivisión general Gramática.
9 (RLIN) 14220
740 0# - ENTRADA AGREGADA--TÍTULO RELACIONADO/ANALÍTICO NO CONTROLADO
Título relacionado o analítico no controlado Nueva y completa gramática francesa.
852 ## - LOCALIZACIÓN
Ubicación ES-MaACL
Número de control de estantería C-2825
Holdings
Estatus retirado Estado de pérdida Estado de daño No para préstamo Colección Biblioteca de origen Biblioteca actual Ubicación en estantería Fecha de adquisición Fuente de adquisición Total de préstamos Signatura topográfica completa Código de barras Visto por última vez Precio de reemplazo Tipo de ítem Koha
        Libros del s. XIX Biblioteca del Ateneo de Madrid Biblioteca del Ateneo de Madrid Sala Palomar 17/01/2008     C-2825 1057610 23/02/2023 23/02/2023 Libro impreso antiguo